000 00714nam 22002293 4500
001 198870
010 _a972-772-019-6
021 _aPT
_b124 649/98
090 _a198870
100 _a20251106d u||y0pory50 ba
101 _apor
102 _aPT
200 _aEstudos sobre a Ordem de Cister em Portugal
_fMaria Alegria Fernandes Marques
210 _aLisboa
_cColibri
_d1998
215 _a354 p.
_cbrochado
_d23 cm
225 _aEstudos da Faculdade de Letras da Universidade de Coimbra
_v24
606 _95487
_aCristianismo. Igrejas e denominações Cristãs
675 _a27(469)"12/14"
_vPT
_zpor
700 _914780
_aMarques
_bMaria Alegria
_f1950-
801 _aPT
_bBMMN
_gRPC
830 _cAna
_fAna
990 _cLIVROS